عرض عادي عرض مارك
  • University of Cambridge.

مدخل إسم هيئة

عدد التسجيلات المستخدمة في: 1

001 - رقم الضبط

  • حقل الضبط: 40840

003 - معرف رقم الضبط

  • حقل الضبط: OSt

005 - تاريخ ووقت أخر عملية

  • حقل الضبط: 20131211195825.0

008 - عناصر بيانات ثابتة الطول

  • حقل تحكم ثابت الطول: 131211|||a|||||| | ||| d

040 ## - مصدر الفهرسة

  • هيئة الفهرسة الأصلية: OSt
  • وكالة الكتابة: OSt

110 ## - مدخل -- أسم شخص

  • اسم الهيئه او اسم السلطه كعنصر مدخل: University of Cambridge.
  • الوحده الفرعيه: Local Examinations Syndicate.
  • الوحده الفرعيه: International Examinations.

670 ## - بيانات المصدر موجوده

  • الاستشهاد بالمصدر: Work cat.: (OSt)0: Duncan, Tom 40837, IGCSE Physics /, 2002-